Tourism environment : (Record no. 125329)

MARC details
000 -LEADER
fixed length control field 00792nam a22002537a 4500
005 - DATE AND TIME OF LATEST TRANSACTION
control field 20170124105952.0
010 ## - LIBRARY OF CONGRESS CONTROL NUMBER
LC control number A-540967
020 ## - INTERNATIONAL STANDARD BOOK NUMBER
Terms of availability 00.00
International Standard Book Number 8121002885
035 ## - SYSTEM CONTROL NUMBER
System control number A-540967
037 ## - SOURCE OF ACQUISITION
Source of stock number/acquisition Cen Lib/Ret
040 ## - CATALOGING SOURCE
Original cataloging agency DPL
Language of cataloging EN
082 ## - DEWEY DECIMAL CLASSIFICATION NUMBER
Classification number 338.4791
Item number TEJ
100 ## - MAIN ENTRY--PERSONAL NAME
Personal name Tej Veer Singh
9 (RLIN) 13741
245 ## - TITLE STATEMENT
Title Tourism environment :
Statement of responsibility, etc edited by Tej Veer Singh...[et al.]
Remainder of title nature cullture economy /
246 ## - VARYING FORM OF TITLE
Remainder of title
260 ## - PUBLICATION, DISTRIBUTION, ETC. (IMPRINT)
Name of publisher, distributor, etc Interi-India Publiications
Place of publication, distribution, etc New Delhi
Date of publication, distribution, etc 1991
270 ## - ADDRESS
Address D-17, Raja Garden
City New Delhi
Postal code 110015
300 ## - PHYSICAL DESCRIPTION
Extent 343p. :
Dimensions 24cm(Hb)
Other physical details ill.
500 ## - GENERAL NOTE
General note Includes bibliographical references and index.
650 ## - SUBJECT ADDED ENTRY--TOPICAL TERM
Topical term or geographic name as entry element Tourism.
9 (RLIN) 13742
650 ## - SUBJECT ADDED ENTRY--TOPICAL TERM
Topical term or geographic name as entry element Tourismus.
9 (RLIN) 13743
700 ## - ADDED ENTRY--PERSONAL NAME
Personal name Tej Veer Singh
9 (RLIN) 13744
942 ## - ADDED ENTRY ELEMENTS (KOHA)
Source of classification or shelving scheme Dewey Decimal Classification
Koha item type English Books
Classification part 338.4791
Call number suffix TEJ
Holdings
Withdrawn status Lost status Damaged status Not for loan Home library Current library Date acquired Source of acquisition Cost, normal purchase price Total Checkouts Full call number Barcode Date last seen Copy number Cost, replacement price Price effective from Koha item type Public note
Written off       Central Library Central Library 20/06/2015 Cen Lib/Ret 0.00   338.4791 TEJ A-540967 20/06/2015 1 0.00 20/06/2015 English Books Written off on approval by DLB (By Circulation); dtd 15-06-2023

© Delhi Public Library
Hit Counter
free hit counter